000 01069 am a2200301 a 4500
005 20240625081105.0
008 100629s2004||||sp a f |||| 001 0 spa d
020 _a8481747106
041 _aspa
092 _c616.079
_l1
_sABB
100 1 _aAbbas, Abul K.
_949
245 _aInmunología celular y molecular /
_cAbul K. Abbas
250 _a5a ed. en español de la 5a ed. original en inglés
_bRevisión Juan Manuel Igez Aznar y Pablo Engel Rocamora
260 _aMadrid:
_bElsevier ; Saunders;
_c2004.
300 _a563 p.
_bil.
500 _aAbbas, A. K. y Lichtman, A. H. (2004). Inmunología celular y molecular. (5a ed.). Madrid : Elsevier ; Saunders.
653 _aInmunología
653 _aReconocimiento de antígenos
653 _aMaduración, activación y regulación de los linfocitos
653 _aMecanismos efectores de las respuestas inmunitarios
653 _aSistema inmunitario de la enfermedad
700 1 _aLichtman, Andrew H.
_91038
930 _a1214
930 _a1459
930 _a1460
930 _a1461
942 _2ddc
_cBK
999 _c432
_d432